• 首页
  • 本馆介绍
  • 公告通知
  • 最新文献
  • 馆藏检索
  • 电子资源
  • 读者导购
  • 参考咨询
  • 我的图书馆
  • 登录
  • 详细信息显示
  • 放入我的书架
  • 预约/预借图书
  • 作者相关作品
  • 分类相关作品
  • 丛书相关作品
  • 出版社相关作品

书目信息

  • 表格格式
  • 工作单格式
  • 卡片格式
题名:
汉语双音复合词属性研究
    
 
作者: 朱志平 著
分册:  
出版信息: 北京   北京大学出版社  2005
页数: 328页
开本: 21cm
丛书名: 语言学丛书
单 册:
中图分类: H146.1
科图分类:
主题词: 汉语--复合词--研究 , 汉语 , 复合词
电子资源:
ISBN: 7-301-08745-4
000 01056oam2 2200289 450
001 012007295247
005 20070522175539.40
010    @a7-301-08745-4@dCNY22.00
100    @a20070515d2005 km y0chiy0120 ea
101 0  @achi
102    @aCN@b110000
105    @ay z 000yy
106    @ar
200 1  @a汉语双音复合词属性研究@Ahan yu shuang yin fu he ci shu xing yan jiu@f朱志平著@Fzhu zhi ping zhu
210    @a北京@c北京大学出版社@d2005
215    @a328页@d21cm
225 2  @a语言学丛书
300    @a国家社会科学基金资助原项目题为:《对外汉语教学使用的现代汉语双音词属性库的创建》
330    @a本书采用中国传统语言学形音义结合的原理,同时也从汉语的实际出发,吸收了国外语义学、应用语言学、认知语言学方面的理论方法,讨论了汉语词汇语义学理论在语言教学中应用的问题,为双音词的应用研究提供理念上的支持。
461  0 @12001 @a语言学丛书
606 0  @a汉语@x复合词@x研究
606 0  @a汉语
606 0  @a复合词
690    @aH146.1@v4
701  0 @a朱志平@Azhu zhi ping@c(汉语教学)@4著
801  0 @aCN@bRULIN@c20070522
905    @dH146.1@e319@s8
    
    汉语双音复合词属性研究/朱志平著.-北京:北京大学出版社,2005
    328页;21cm.-(语言学丛书)
    国家社会科学基金资助原项目题为:《对外汉语教学使用的现代汉语双音词属性库的创建》
    
    ISBN 7-301-08745-4:CNY22.00
    本书采用中国传统语言学形音义结合的原理,同时也从汉语的实际出发,吸收了国外语义学、应用语言学、认知语言学方面的理论方法,讨论了汉语词汇语义学理论在语言教学中应用的问题,为双音词的应用研究提供理念上的支持。
●
相关链接 在E读中查询图书 在五车中查询图书 在当当中查询图书 在豆瓣中查询图书


正题名:汉语双音复合词属性研究     索取号:H146.1/319         预约/预借

序号 登录号 条形码 馆藏地/架位号 状态 备注
1 0579989   205799894   第二样本阅览室/ [索取号:H146.1/319] 在馆    
2 0579990   205799901   第四借阅区/ [索取号:H146.1/319] 在馆    
3 0579991   205799910   第四借阅区/ [索取号:H146.1/319] 在馆    
4 0579992   205799929   第四借阅区/ [索取号:H146.1/319] 在馆    
5 0579993   205799938   第四借阅区/ [索取号:H146.1/319] 在馆    
6 0579994   205799947   第四借阅区/ [索取号:H146.1/319] 在馆    
7 0579995   205799956   第四借阅区/ [索取号:H146.1/319] 在馆    
8 0579996   205799965   第四借阅区/ [索取号:H146.1/319] 在馆    
唐山师范学院图书馆 欢迎您!
大连网信软件有限公司© 版权所有